000 01037nam a2200361 a 4500
999 _c2358
_d2358
001 017101605
003 UkOxU
005 20230426090047.0
008 070829s2006 enka j 000 1 eng c
015 _aGBA772323
_2bnb
020 _a9780746073377 (pbk.)
035 _a(StEdNL)3989756
035 _a(Uk)013887475
035 _a(UkLCURL)99013887475
038 _aUk
040 _aStEdNL
_beng
_cStEdNL
_dKH8
042 _aukscp
049 _lb
_m+
082 _a823.92 MAC
090 _aBNB
100 1 _aMackinnon, Mairi.
_eAuthor
245 1 4 _aThe goose that laid the golden eggs /
_cretold by Mairi Mackinnon ; illustrated by Daniel Howarth.
260 _aLondon :
_bUsborne,
_c2006.
300 _a48 p. :
_bcol. ill. ;
_c21 cm.
490 1 _aUsborne first reading. Level 3
500 _a"Based on the fable by Aesop"-cover.
650 _aAesop
650 _achildren's story
700 0 _aAesop.
700 1 _aHowarth, Daniel.
_eIllustrator
830 0 _aUsborne first reading.
_nLevel three.
942 _2ddc
_cFIC